[Event "13sen.WMH 2003 Senioren"]
[Site "Bad Zwischenahn(17.11.-29.11.2003)"]
[Date "2003.11.29"]
[Round "3"]
[White "Poschmann, Hans"]
[Black "Girod, Gudrun"]
[Result "1/2-1/2"]
[WhiteElo "1533"]
[BlackElo "1398"]
[PlyCount "80"]


1. b4 Nf6 2. Bb2 e6 3. a3 d5 4. e3 Be7 5. Nf3 O-O 6. d4 Nbd7 7. Nbd2 b6 8. Bd3
c5 9. bxc5 bxc5 10. c4 Rb8 11. Qc2 Ba6 12. O-O h6 13. Rfb1 dxc4 14. Nxc4 Bxc4
15. Qxc4 Nb6 16. Qc2 Rc8 17. Qe2 c4 18. Bc2 c3 19. Bc1 Kh8 20. Rb3 Bd6 21. a4
Nbd5 22. Qe1 Qe7 23. e4 Nb4 24. Qe2 Nh7 25. e5 Nxc2 26. Qxc2 Bb4 27. a5 Rb8 28.
Ba3 Bxa3 29. Raxa3 Rxb3 30. Rxb3 Ng5 31. Nxg5 Qxg5 32. Rxc3 Qf4 33. Rc4 Qg5 34.
g3 Qd8 35. Qa4 f6 36. f4 fxe5 37. dxe5 Qd2 38. Rd4 Qe3+ 39. Kg2 Qe2+ 40. Kg1
Qe3+ 1/2-1/2

[Event "13sen.WMH 2003 Senioren"]
[Site "Bad Zwischenahn(17.11.-29.11.2003)"]
[Date "2003.11.29"]
[Round "3"]
[White "Rehe, Walter"]
[Black "Lundgren, Bernt"]
[Result "1-0"]
[WhiteElo "1956"]
[BlackElo "2066"]
[PlyCount "55"]


1. e4 c6 2. d4 d5 3. Nc3 g6 4. Be3 Bg7 5. Qd2 dxe4 6. Nxe4 Bf5 7. Ng3 Be6 8.
Nf3 Bd5 9. Be2 b5 10. O-O Nd7 11. b3 Ngf6 12. Bh6 O-O 13. Bxg7 Kxg7 14. c4 bxc4
15. bxc4 Bxf3 16. Bxf3 Qc7 17. h4 e6 18. h5 Rad8 19. h6+ Kg8 20. Qg5 c5 21.
Rfd1 cxd4 22. Rxd4 Qe5 23. Qd2 Nc5 24. Rxd8 Qxa1+ 25. Kh2 Qe5 26. Rxf8+ Kxf8
27. Qd8+ Ne8 28. Bc6 1-0

[Event "13sen.WMH 2003 Senioren"]
[Site "Bad Zwischenahn(17.11.-29.11.2003)"]
[Date "2003.11.29"]
[Round "3"]
[White "Reimann, Wolfgang"]
[Black "Kunze, Manfred"]
[Result "0-1"]
[WhiteElo "1350"]
[BlackElo "1550"]
[PlyCount "77"]


1. d4 Nf6 2. Nf3 e6 3. Bg5 Be7 4. e3 O-O 5. Bd3 c5 6. c3 d5 7. O-O Nbd7 8. Nbd2
b6 9. Qc2 c4 10. Be2 Bb7 11. b3 b5 12. bxc4 bxc4 13. Bf4 Nh5 14. Be5 f6 15. Bf4
Nxf4 16. exf4 a5 17. f5 e5 18. Rfe1 Qc7 19. Nh4 e4 20. g3 Bd6 21. Bh5 a4 22. a3
Bc6 23. Nf1 Rfb8 24. Reb1 Rb3 25. Qc1 Qa5 26. Nd2 Rxc3 27. Qe1 Rd3 28. Be2 Rxd2
29. Rd1 Rxd1 30. Qxd1 Qc3 31. Ng2 Rb8 32. f3 Rb2 33. Nf4 Bxf4 34. gxf4 Rxe2 35.
Qxe2 Qxa1+ 36. Kf2 Qxd4+ 37. Qe3 Qb2+ 38. Kg3 d4 39. Qf2 0-1

[Event "13sen.WMH 2003 Senioren"]
[Site "Bad Zwischenahn(17.11.-29.11.2003)"]
[Date "2003.11.29"]
[Round "3"]
[White "Rettler, Heinz"]
[Black "Petzold, Hilmar"]
[Result "1/2-1/2"]
[WhiteElo "1879"]
[BlackElo "1951"]
[PlyCount "102"]


1. e4 e5 2. Nf3 Nc6 3. Bb5 a6 4. Ba4 Nf6 5. O-O Be7 6. Re1 b5 7. Bb3 O-O 8. a4
Rb8 9. d3 d6 10. h3 Na5 11. Ba2 c5 12. Nc3 h6 13. axb5 axb5 14. Nd5 Nxd5 15.
Bxd5 Bb7 16. Bd2 b4 17. Bxb7 Rxb7 18. b3 Qc7 19. Be3 Nc6 20. Nd2 Bg5 21. Nc4
Bxe3 22. fxe3 f5 23. exf5 d5 24. Nd2 Rxf5 25. Rf1 Rxf1+ 26. Qxf1 Ne7 27. Ra8+
Rb8 28. Ra6 Rf8 29. Qe2 Nf5 30. Ra1 d4 31. e4 Ne3 32. Nc4 Nxc4 33. dxc4 Qf7 34.
g3 Qf6 35. Kg2 Qg6 36. Ra7 Kh7 37. Re7 Qf6 38. Rd7 Qe6 39. Rd5 Qe7 40. Qh5 g5
41. Qg4 Rf7 42. Qc8 Qa7 43. Qg4 Kg7 44. h4 Qa1 45. Qe2 gxh4 46. gxh4 Kh7 47.
Kh2 Qc1 48. Qg2 Qe3 49. h5 Rg7 50. Rd7 Qf4+ 51. Kg1 Qc1+ 1/2-1/2

[Event "13sen.WMH 2003 Senioren"]
[Site "Bad Zwischenahn(17.11.-29.11.2003)"]
[Date "2003.11.29"]
[Round "3"]
[White "Rickers, Gerd"]
[Black "Broberg, Horst"]
[Result "1/2-1/2"]
[WhiteElo "1957"]
[BlackElo "1958"]
[PlyCount "47"]


1. d4 e6 2. c4 Bb4+ 3. Bd2 Bxd2+ 4. Qxd2 Nf6 5. Nc3 d6 6. e4 O-O 7. f3 e5 8. d5
a5 9. Nge2 Na6 10. Nc1 Nc5 11. Nd3 Nfd7 12. Be2 Qh4+ 13. Nf2 f5 14. g3 Qe7 15.
exf5 Rxf5 16. Nfe4 Nxe4 17. Nxe4 Rf8 18. O-O Nf6 19. Bd3 Nxe4 20. Bxe4 b6 21.
Rae1 Bf5 22. f4 Bxe4 23. Rxe4 Qf6 24. Qe2 1/2-1/2

[Event "13sen.WMH 2003 Senioren"]
[Site "Bad Zwischenahn(17.11.-29.11.2003)"]
[Date "2003.11.29"]
[Round "3"]
[White "Ristic, Sreten"]
[Black "Postel, Richard"]
[Result "0-1"]
[WhiteElo "1772"]
[BlackElo "1690"]
[PlyCount "106"]


1. d4 Nf6 2. Bg5 e6 3. e4 Be7 4. Bd3 O-O 5. Nf3 h6 6. Bxf6 Bxf6 7. Nbd2 c5 8.
e5 Be7 9. c3 d6 10. Qe2 Nc6 11. a3 cxd4 12. cxd4 d5 13. b4 a6 14. O-O f5 15.
Nb3 b6 16. Ra2 Bb7 17. Rd2 Qe8 18. Ne1 Nd8 19. Ra2 Nf7 20. f3 Nh8 21. Nc1 Qh5
22. Qe3 Rac8 23. Ne2 Bg5 24. f4 Be7 25. Kh1 Rc7 26. Nf3 Rfc8 27. h3 Qf7 28. Kh2
Ng6 29. Rg1 Kh8 30. g4 Nh4 31. Nxh4 Bxh4 32. gxf5 exf5 33. Nc1 g5 34. Ne2 Rf8
35. e6 Re7 36. Qe5+ Qg7 37. Qd6 Qf6 38. fxg5 hxg5 39. Rf1 Rxe6 40. Qc7 Re7 41.
Qc3 Qd6+ 42. Kh1 Re3 43. Kg2 f4 44. Rf3 Rxf3 45. Kxf3 Qd7 46. Ng1 Bc8 47. Be2
Re8 48. Qc1 Re3+ 49. Kg2 Rxh3 50. Rc2 Rg3+ 51. Kf1 Qh3+ 52. Nxh3 Bxh3+ 53. Ke1
Rd3# 0-1

[Event "13sen.WMH 2003 Senioren"]
[Site "Bad Zwischenahn(17.11.-29.11.2003)"]
[Date "2003.11.29"]
[Round "3"]
[White "Rodemann, Edmund"]
[Black "Hesselbarth, Karlheinz"]
[Result "1/2-1/2"]
[WhiteElo "1801"]
[BlackElo "1720"]
[PlyCount "43"]


1. e4 e5 2. Bc4 Nf6 3. d3 Bc5 4. Nc3 Nc6 5. f4 d6 6. Nf3 Bg4 7. Na4 Qe7 8. Nxc5
dxc5 9. Bb5 Nd7 10. Bxc6 bxc6 11. h3 Bxf3 12. Qxf3 O-O 13. b3 f5 14. O-O Rae8
15. exf5 Rxf5 16. Qe4 Qf7 17. g4 Rf6 18. f5 Rd6 19. Bg5 Nb6 20. Be3 Nd5 21. Bg5
Nb6 22. Be3 1/2-1/2

[Event "13sen.WMH 2003 Senioren"]
[Site "Bad Zwischenahn(17.11.-29.11.2003)"]
[Date "2003.11.29"]
[Round "3"]
[White "Roth, Reinhard"]
[Black "Brandt, Wilhelm"]
[Result "0-1"]
[WhiteElo "1827"]
[BlackElo "1871"]
[PlyCount "74"]


1. e4 d6 2. Bc4 Nf6 3. Nc3 e5 4. d3 h6 5. Nge2 c6 6. O-O Be7 7. f4 b5 8. Bb3
Qb6+ 9. Kh1 a5 10. a4 b4 11. Nb1 Na6 12. Nd2 Nc5 13. Nc4 Qc7 14. fxe5 dxe5 15.
Be3 Nxb3 16. cxb3 Be6 17. Rc1 O-O 18. Qe1 Ng4 19. Bg1 Bg5 20. Rc2 Qd8 21. Rf3
f5 22. h3 fxe4 23. Rxf8+ Kxf8 24. Bc5+ Kg8 25. hxg4 exd3 26. Rd2 Bxd2 27. Qxd2
Qh4+ 28. Kg1 dxe2 29. Qxe2 Qxg4 30. Qxe5 Rd8 31. Ne3 Qg6 32. Bb6 Rd2 33. Qh2
Qb1+ 34. Nf1 Bd5 35. Bf2 Rd1 36. Qd6 Rxf1+ 37. Kh2 Rxf2 0-1

[Event "13sen.WMH 2003 Senioren"]
[Site "Bad Zwischenahn(17.11.-29.11.2003)"]
[Date "2003.11.29"]
[Round "3"]
[White "Rudolph, Joachim"]
[Black "Bernhoeft, Erhard"]
[Result "0-1"]
[WhiteElo "1653"]
[BlackElo "1947"]
[PlyCount "120"]


1. f4 g6 2. Nf3 Bg7 3. e3 d6 4. Nc3 Nf6 5. Be2 Nc6 6. O-O O-O 7. d3 e5 8. e4
Bg4 9. Rb1 Bxf3 10. Bxf3 Nd4 11. Kh1 c6 12. Be3 a5 13. Ne2 Nxf3 14. gxf3 Qd7
15. fxe5 dxe5 16. Rg1 Qh3 17. Rg3 Qe6 18. a3 Nh5 19. Rg1 f5 20. Bc5 Rf7 21. Ng3
Nxg3+ 22. Rxg3 fxe4 23. fxe4 Qf6 24. Qe2 Bh6 25. Rbg1 Bf4 26. R3g2 Qh4 27. Qg4
Qxg4 28. Rxg4 a4 29. Rf1 b6 30. Bb4 c5 31. Bc3 b5 32. Rg2 Raf8 33. Rgf2 g5 34.
Kg2 h5 35. Be1 Kg7 36. h3 Kg6 37. Re2 h4 38. Ref2 Kh5 39. Rf3 Rg8 40. Kh1 Rc7
41. Bf2 b4 42. Bg1 bxa3 43. bxa3 Rb8 44. R3f2 Rb2 45. Ra1 c4 46. Rd1 cxd3 47.
Rxd3 Rcxc2 48. Rxc2 Rxc2 49. Rd8 Rc3 50. Rh8+ Kg6 51. Ra8 Rxh3+ 52. Kg2 Rxa3
53. Bc5 h3+ 54. Kf2 Ra2+ 55. Kf3 h2 56. Rh8 Ra1 57. Kg2 Kg7 58. Rh3 g4 59. Rh5
a3 60. Rh4 h1=Q+ 0-1

[Event "13sen.WMH 2003 Senioren"]
[Site "Bad Zwischenahn(17.11.-29.11.2003)"]
[Date "2003.11.29"]
[Round "3"]
[White "Rychlik, Kurt"]
[Black "Haupt, Joachim"]
[Result "1-0"]
[WhiteElo "1868"]
[BlackElo "1755"]
[PlyCount "51"]


1. c4 c5 2. Nc3 Nc6 3. g3 g6 4. Bg2 Bg7 5. e4 Nf6 6. f4 d6 7. h3 Nh5 8. Nge2 f5
9. d3 Nf6 10. Be3 Bd7 11. O-O O-O 12. Rb1 a6 13. a3 Rb8 14. b4 cxb4 15. axb4 b5
16. c5 dxc5 17. Bxc5 fxe4 18. dxe4 Qc8 19. e5 Ne8 20. Qd5+ e6 21. Qd2 Rf7 22.
Ne4 Nxe5 23. fxe5 Rxf1+ 24. Rxf1 Bxe5 25. Rf8+ Kg7 26. Ng5 1-0

[Event "13sen.WMH 2003 Senioren"]
[Site "Bad Zwischenahn(17.11.-29.11.2003)"]
[Date "2003.11.29"]
[Round "3"]
[White "Sarkosch, Nerssi,Dr."]
[Black "Spurga, Josef"]
[Result "0-1"]
[WhiteElo "1646"]
[BlackElo "1854"]
[PlyCount "134"]


1. c4 Nf6 2. g3 c6 3. Bg2 d5 4. Nf3 g6 5. b3 Bg7 6. Bb2 O-O 7. O-O Nbd7 8. Qc2
Re8 9. d3 Nf8 10. e4 dxe4 11. dxe4 Bg4 12. Ne5 Be6 13. Nd2 Qc8 14. Ndf3 N8d7
15. Ng5 Nxe5 16. Bxe5 Bd7 17. Rad1 h6 18. Nf3 Bg4 19. Rfe1 Qe6 20. Bc3 Rad8 21.
Nd4 Bxd1 22. Rxd1 Qe5 23. f4 Qc7 24. Kh1 e5 25. fxe5 Qxe5 26. Bf3 Qe7 27. Re1
Nd7 28. e5 Nxe5 29. Bg2 Qd7 30. Nf3 Nxf3 31. Rxe8+ Rxe8 32. Bxf3 Bxc3 33. Qxc3
Qe6 34. Kg2 Qe1 35. Qd3 Qe3 36. Qd7 Re7 37. Qd8+ Kg7 38. Qd1 Re6 39. Qd7 Rf6
40. Qd1 Qe5 41. Qc2 Rd6 42. Bg4 Qg5 43. Kh3 Qf6 44. Qe2 h5 45. Bc8 b6 46. c5
bxc5 47. Ba6 Qe6+ 48. Qxe6 Rxe6 49. Bc4 Re7 50. Kg2 Kf6 51. Kf3 Ke5 52. h4 f6
53. g4 hxg4+ 54. Kxg4 Rh7 55. Bd3 Rg7 56. a4 Kd4 57. Bc4 Re7 58. Bg8 Re4+ 59.
Kg3 f5 60. Bf7 Rg4+ 61. Kh3 Ke3 62. h5 gxh5 63. Bxh5 Rg7 64. Be8 f4 65. Bxc6 f3
66. Bd5 f2 67. Bg2 Ke2 0-1

[Event "13sen.WMH 2003 Senioren"]
[Site "Bad Zwischenahn(17.11.-29.11.2003)"]
[Date "2003.11.29"]
[Round "3"]
[White "Sattler, Franz"]
[Black "Smits, Oswald"]
[Result "1-0"]
[WhiteElo "1884"]
[BlackElo "1644"]
[PlyCount "125"]


1. c4 e6 2. d4 d5 3. Nc3 c6 4. e3 Nf6 5. Nf3 Bd6 6. Bd3 O-O 7. O-O Nbd7 8. e4
dxe4 9. Nxe4 Be7 10. Ng3 Re8 11. Qc2 h6 12. Re1 b6 13. Ne5 Rf8 14. Nxc6 Qe8 15.
Nxe7+ Qxe7 16. Bf4 Bb7 17. Nf5 Qd8 18. Nd6 Bc6 19. Rad1 Nh5 20. Bc1 Ndf6 21.
Ne4 Qxd4 22. Nxf6+ Qxf6 23. Be4 Bxe4 24. Qxe4 Qe7 25. Qf3 Nf6 26. Qg3 Kh8 27.
Rd4 Rac8 28. b3 Rfd8 29. Rh4 Qb4 30. Qe3 Ng8 31. a3 Qe7 32. Rh3 Rd7 33. Bb2 f6
34. f4 Re8 35. g4 Qf7 36. Qe4 Qf8 37. b4 Rde7 38. g5 f5 39. Qe5 Kh7 40. Rd1 Rd8
41. Rhd3 Rxd3 42. Rxd3 Qe8 43. c5 Qb5 44. Rd2 Qc6 45. Rd6 Qf3 46. c6 Qg4+ 47.
Kf1 Qf3+ 48. Ke1 Qh1+ 49. Kd2 Qxh2+ 50. Kd3 hxg5 51. fxg5 Qh3+ 52. Kc4 Qf1+ 53.
Kb3 b5 54. Qc3 Qf4 55. Rd4 Qc7 56. Rh4+ Kg6 57. Rh8 Qd8 58. Qf3 Kf7 59. Rh7 Kf8
60. Be5 g6 61. c7 Qd7 62. Bd6 Ke8 63. Qa8+ 1-0

[Event "13sen.WMH 2003 Senioren"]
[Site "Bad Zwischenahn(17.11.-29.11.2003)"]
[Date "2003.11.29"]
[Round "3"]
[White "Schlag, Franz"]
[Black "Zhelesny, Stanislaw"]
[Result "0-1"]
[WhiteElo "1976"]
[BlackElo "2228"]
[PlyCount "102"]


1. e4 c6 2. d4 d5 3. exd5 cxd5 4. c4 e6 5. Nc3 Nf6 6. Nf3 Be7 7. Bf4 O-O 8. Bd3
dxc4 9. Bxc4 Nbd7 10. O-O Nb6 11. Bb3 Nbd5 12. Be5 Nxc3 13. bxc3 Bd7 14. c4 Bc6
15. Ba4 Rc8 16. Bxc6 Rxc6 17. Qd3 h6 18. Rab1 b6 19. h3 Qc8 20. Nd2 Nd7 21. Bf4
Bd6 22. Qg3 Qc7 23. Bxd6 Qxd6 24. Qxd6 Rxd6 25. Nb3 Rc8 26. Rfc1 Rdc6 27. Nd2
Kf8 28. Kf1 e5 29. d5 Rc5 30. Ke2 b5 31. a4 a6 32. axb5 axb5 33. Ne4 Rxc4 34.
Rxc4 bxc4 35. Rb7 Ke7 36. Nc3 f5 37. g3 Kd6 38. Nb5+ Kxd5 39. Rxd7+ Kc6 40.
Rxg7 Kxb5 41. Kd2 Ra8 42. Re7 Ra2+ 43. Kd1 Rxf2 44. Rxe5+ Kb4 45. Re3 c3 46.
Re8 Rg2 47. g4 fxg4 48. hxg4 Rxg4 49. Rh8 Kb3 50. Rb8+ Rb4 51. Rf8 Kb2 0-1

[Event "13sen.WMH 2003 Senioren"]
[Site "Bad Zwischenahn(17.11.-29.11.2003)"]
[Date "2003.11.29"]
[Round "3"]
[White "Schneider, Miloca"]
[Black "Olberg, Gerhard"]
[Result "1-0"]
[WhiteElo "1818"]
[BlackElo "1630"]
[PlyCount "78"]


1. d4 Nf6 2. c4 g6 3. Nc3 Bg7 4. e3 O-O 5. Nf3 d5 6. Qb3 c6 7. Bd3 b6 8. cxd5
cxd5 9. O-O Bb7 10. Bd2 Nbd7 11. Rac1 a6 12. Na4 Re8 13. Rc2 Ne4 14. Ba5 bxa5
15. Qxb7 Nd6 16. Qxd5 Nb6 17. Qxa5 Nxa4 18. Qxa4 Qb6 19. Rfc1 Nb5 20. Be4 Rab8
21. Rc6 Qb7 22. Nd2 Nd6 23. b3 Qb5 24. Qxa6 Qb4 25. Qd3 f5 26. Bf3 e6 27. h3
Bf8 28. Nc4 Nf7 29. Qc3 Kg7 30. Rc7 Kf6 31. a3 Qxc3 32. Rxc3 Re7 33. Rxe7 Bxe7
34. b4 Ng5 35. Be2 Ne4 36. Rc2 Bxb4 37. axb4 Rxb4 38. f3 Rb1+ 39. Kh2 Ng5 1-0

[Event "13sen.WMH 2003 Senioren"]
[Site "Bad Zwischenahn(17.11.-29.11.2003)"]
[Date "2003.11.29"]
[Round "3"]
[White "Schoerghuber, Kurt"]
[Black "Springer, Artur"]
[Result "1/2-1/2"]
[WhiteElo "1702"]
[BlackElo "1832"]
[PlyCount "39"]


1. e4 c5 2. Nc3 Nc6 3. Bb5 d6 4. Nge2 Bd7 5. O-O g6 6. f4 Bg7 7. Ng3 a6 8. Bxc6
Bxc6 9. Nd5 Nf6 10. Nxf6+ Bxf6 11. d3 O-O 12. f5 d5 13. Bh6 Re8 14. Qg4 dxe4
15. fxg6 hxg6 16. c3 exd3 17. Nh5 Qd5 18. Nf4 Qf5 19. Qxf5 gxf5 20. Nxd3
1/2-1/2

[Event "13sen.WMH 2003 Senioren"]
[Site "Bad Zwischenahn(17.11.-29.11.2003)"]
[Date "2003.11.29"]
[Round "3"]
[White "Schubert, Hans-Joachim[36AUT]"]
[Black "Wolffram, Gert"]
[Result "1/2-1/2"]
[WhiteElo "1805"]
[BlackElo "1794"]
[PlyCount "52"]


1. e4 c5 2. Nf3 e6 3. c3 d5 4. exd5 Qxd5 5. d4 Nc6 6. Be3 cxd4 7. cxd4 Bb4+ 8.
Nc3 Nf6 9. Bd3 O-O 10. O-O Bxc3 11. bxc3 b6 12. c4 Qd7 13. Bg5 Ne8 14. a3 f6
15. Bf4 Bb7 16. d5 exd5 17. cxd5 Ne7 18. d6 Ng6 19. Bxg6 hxg6 20. Re1 Bxf3 21.
Qxf3 Rd8 22. Re7 Qf5 23. Rd1 g5 24. Qb3+ Kh8 25. Bg3 Qc5 26. Qf3 a5 1/2-1/2

[Event "13sen.WMH 2003 Senioren"]
[Site "Bad Zwischenahn(17.11.-29.11.2003)"]
[Date "2003.11.29"]
[Round "3"]
[White "Schuler, Georg[29Baling]"]
[Black "Fries, Karl-Heinz"]
[Result "1/2-1/2"]
[WhiteElo "1847"]
[BlackElo "1744"]
[PlyCount "42"]


1. c4 e6 2. Nc3 f5 3. d4 d5 4. g3 c6 5. e3 Nf6 6. Bd2 Bd6 7. b3 O-O 8. Bg2 Ne4
9. Nge2 Qe7 10. O-O Nd7 11. Rc1 Ndf6 12. f3 Nxd2 13. Qxd2 Bd7 14. e4 fxe4 15.
fxe4 dxe4 16. Nxe4 Nxe4 17. Bxe4 Rxf1+ 18. Rxf1 Rf8 19. Qd3 Rxf1+ 20. Kxf1 Qf6+
21. Kg2 g6 1/2-1/2

[Event "13sen.WMH 2003 Senioren"]
[Site "Bad Zwischenahn(17.11.-29.11.2003)"]
[Date "2003.11.29"]
[Round "3"]
[White "Schuller, Erhard"]
[Black "Mueller, Hartmut Dieter"]
[Result "1-0"]
[WhiteElo "1586"]
[BlackElo "1425"]
[PlyCount "82"]


1. e4 c5 2. Nf3 Nc6 3. d4 cxd4 4. Nxd4 Nf6 5. Nc3 e6 6. Bg5 Be7 7. Be2 Qb6 8.
Nb3 e5 9. Be3 Qd8 10. a3 a6 11. O-O b5 12. Nd5 Nxd5 13. exd5 Na5 14. d6 Bf6 15.
Nxa5 Qxa5 16. b4 Qd8 17. Rb1 Bg5 18. Qd5 O-O 19. Qxa8 Bxe3 20. fxe3 Qb6 21. Qf3
Bb7 22. Qf2 Qxd6 23. c4 Qc6 24. c5 d5 25. cxd6 Qxd6 26. Rbd1 Qe6 27. Rd3 Be4
28. Rc3 Qg6 29. Bf3 Bd3 30. Rfc1 Bc4 31. Be2 Be6 32. Rc6 Qe4 33. Rxa6 Bd7 34.
Qf3 Qh4 35. Ra8 e4 36. Rxf8+ Kxf8 37. Qf4 Qe7 38. Qb8+ Be8 39. Bxb5 g6 40.
Qxe8+ Qxe8 41. Bxe8 Kxe8 1-0

[Event "13sen.WMH 2003 Senioren"]
[Site "Bad Zwischenahn(17.11.-29.11.2003)"]
[Date "2003.11.29"]
[Round "3"]
[White "Schulz, Hermann[35Uelzen]"]
[Black "Hohler, Peter"]
[Result "0-1"]
[WhiteElo "1584"]
[BlackElo "2168"]
[PlyCount "92"]


1. e4 e5 2. Nf3 Nc6 3. Bb5 a6 4. Ba4 Nf6 5. O-O Be7 6. Re1 b5 7. Bb3 d6 8. c3
O-O 9. h3 Na5 10. Bc2 c5 11. d4 Qc7 12. d5 Nc4 13. b3 Nb6 14. Bg5 c4 15. b4 a5
16. bxa5 Rxa5 17. a3 Bd7 18. Ra2 Bd8 19. Rb2 Be8 20. Rb4 Nfd7 21. Qd2 Nc5 22.
Qe3 f6 23. Bh4 Bd7 24. g4 g5 25. Bg3 h5 26. gxh5 Bxh3 27. Kh2 Bg4 28. Kg2 Bxh5
29. Rh1 Bg6 30. Nh2 Rf7 31. Ng4 Rh7 32. Rxh7 Qxh7 33. f3 Be8 34. Qe2 Qg6 35.
Bf2 Nba4 36. Ne3 Bc7 37. Nf5 Kf7 38. Bxc5 Nxc5 39. Kf2 Qh5 40. Ke1 Qh1+ 41. Kd2
Bd7 42. Ne3 Ra8 43. Qg2 Qxg2+ 44. Nxg2 Rh8 45. Ke2 Bb6 46. a4 Rh2 0-1

[Event "13sen.WMH 2003 Senioren"]
[Site "Bad Zwischenahn(17.11.-29.11.2003)"]
[Date "2003.11.29"]
[Round "3"]
[White "Schwagrowski, Bernd"]
[Black "Glaser, Heinz-Alfred"]
[Result "0-1"]
[WhiteElo "1425"]
[BlackElo "1683"]
[PlyCount "86"]


1. Nf3 Nf6 2. Nc3 d5 3. d4 Bf5 4. Bf4 Nbd7 5. Nh4 e6 6. e3 Bb4 7. Nxf5 exf5 8.
Bd3 Ne4 9. Bxe4 fxe4 10. Qd2 Nb6 11. b3 Qe7 12. O-O Rc8 13. f3 c5 14. dxc5 Rxc5
15. Qf2 Bxc3 16. Rad1 O-O 17. Qg3 Rc6 18. fxe4 Rg6 19. Qf3 Qxe4 20. Qxe4 dxe4
21. Bc7 f5 22. a4 Rc6 23. Bxb6 Rxb6 24. g3 g6 25. Rd7 Rf7 26. Rd8+ Kg7 27. Rfd1
Rc6 28. R8d7 Rc7 29. R7d5 Rfe7 30. h4 Be5 31. c4 Bxg3 32. h5 Kf6 33. Kg2 Be5
34. hxg6 hxg6 35. Rd8 Rh7 36. R1d5 Rce7 37. Kg1 g5 38. c5 f4 39. exf4 gxf4 40.
b4 f3 41. b5 Reg7+ 42. Kf2 Rh2+ 43. Ke3 Re2# 0-1

[Event "13sen.WMH 2003 Senioren"]
[Site "Bad Zwischenahn(17.11.-29.11.2003)"]
[Date "2003.11.29"]
[Round "3"]
[White "Schwichtenberg, Juergen"]
[Black "Nolte, Wilhelm"]
[Result "1/2-1/2"]
[WhiteElo "1671"]
[BlackElo "1670"]
[PlyCount "31"]


1. b4 e5 2. Bb2 d6 3. b5 Be6 4. e3 Nf6 5. c4 Nbd7 6. d4 Be7 7. Nf3 exd4 8. Nxd4
O-O 9. Be2 a6 10. a4 axb5 11. axb5 Rxa1 12. Bxa1 Qc8 13. Nxe6 fxe6 14. O-O Nc5
15. Nd2 Qd7 16. Qc2 1/2-1/2

[Event "13sen.WMH 2003 Senioren"]
[Site "Bad Zwischenahn(17.11.-29.11.2003)"]
[Date "2003.11.29"]
[Round "3"]
[White "Semmler, Guenter"]
[Black "Kaner, Klim"]
[Result "0-1"]
[WhiteElo "1951"]
[BlackElo "1911"]
[PlyCount "70"]


1. Nf3 g6 2. d4 d5 3. g3 Bg7 4. Bg2 Nf6 5. O-O O-O 6. c4 c6 7. Nc3 Ne4 8. cxd5
Nxc3 9. bxc3 Qxd5 10. a4 Qc4 11. Ra3 Rd8 12. Nd2 Qa6 13. Re1 e5 14. e3 f5 15.
Bf1 Qa5 16. Qb3+ Kh8 17. Nc4 Qc7 18. Nxe5 Bxe5 19. dxe5 Na6 20. Bxa6 bxa6 21.
c4 Be6 22. Qc3 Rab8 23. Ra2 c5 24. Rb2 Rb6 25. a5 Rb7 26. e4 Rxb2 27. Bxb2 fxe4
28. Rxe4 Qc6 29. Re1 h5 30. Qe3 Kh7 31. Qf4 Rd7 32. Bc1 Bh3 33. f3 Qe6 34. Qh6+
Kg8 35. Bg5 Rh7 0-1

[Event "13sen.WMH 2003 Senioren"]
[Site "Bad Zwischenahn(17.11.-29.11.2003)"]
[Date "2003.11.29"]
[Round "3"]
[White "Simon, Eberhard[30Berlin]"]
[Black "Gohlke, Karl-Heinz"]
[Result "1/2-1/2"]
[WhiteElo "1773"]
[BlackElo "1880"]
[PlyCount "43"]


1. e4 c5 2. Nc3 Nc6 3. f4 d6 4. Nf3 g6 5. Bc4 e6 6. f5 exf5 7. d3 h6 8. O-O
Nge7 9. Qe1 Bg7 10. Kh1 Ne5 11. Nxe5 Bxe5 12. Bf4 Bxf4 13. Rxf4 O-O 14. Nd5
Nxd5 15. Bxd5 g5 16. Qg3 Kh7 17. Rf2 f4 18. Qf3 Qf6 19. c3 Qe5 20. Qh5 Be6 21.
Bxb7 Rab8 22. Bd5 1/2-1/2

[Event "13sen.WMH 2003 Senioren"]
[Site "Bad Zwischenahn(17.11.-29.11.2003)"]
[Date "2003.11.29"]
[Round "3"]
[White "Spindler, Egbert"]
[Black "Gerhardt, Peter-Michael"]
[Result "1/2-1/2"]
[WhiteElo "1771"]
[BlackElo "2016"]
[PlyCount "121"]


1. d4 Nf6 2. Nf3 g6 3. e3 Bg7 4. Be2 O-O 5. O-O d6 6. Nbd2 b6 7. c3 Bb7 8. b4
Nbd7 9. Bb2 c5 10. Rc1 a5 11. b5 cxd4 12. cxd4 Rc8 13. a4 Rxc1 14. Qxc1 Qa8 15.
Qa1 Rc8 16. Rc1 Ne4 17. Nxe4 Bxe4 18. Ne1 Bd5 19. Bf3 Nf6 20. h3 Qb7 21. Bxd5
Nxd5 22. Nd3 Rxc1+ 23. Qxc1 Qc7 24. Qc6 e6 25. Ba3 Bf8 26. Nb2 Qxc6 27. bxc6
Nc7 28. Nc4 d5 29. Bxf8 dxc4 30. Ba3 b5 31. axb5 Nxb5 32. Kf1 f5 33. Ke1 Kf7
34. Kd1 Ke8 35. Bc5 a4 36. f3 Kd8 37. e4 fxe4 38. fxe4 Nc3+ 39. Kc2 Nxe4 40.
Bb6+ Kc8 41. Kb2 h6 42. Ba5 h5 43. Bb6 Nf6 44. Ba5 Nd5 45. Ka3 c3 46. Kxa4 c2
47. Bd2 Kc7 48. Kb3 Kxc6 49. Kxc2 Nc7 50. Bg5 Kd5 51. Kd3 e5 52. dxe5 Kxe5 53.
Ke3 Ne6 54. Bh4 Kf5 55. Bg3 Nc5 56. Bh4 Nd7 57. Bd8 Nf6 58. g4+ Nxg4+ 59. hxg4+
Kxg4 60. Kf2 g5 61. Bxg5 1/2-1/2

[Event "13sen.WMH 2003 Senioren"]
[Site "Bad Zwischenahn(17.11.-29.11.2003)"]
[Date "2003.11.29"]
[Round "3"]
[White "Suchsland, Helmut,Dr."]
[Black "Maugg, Ludwig"]
[Result "0-1"]
[WhiteElo "1724"]
[BlackElo "2043"]
[PlyCount "58"]


1. e4 c5 2. b4 cxb4 3. Bb2 Nf6 4. e5 Nd5 5. c4 bxc3 6. Nxc3 Nxc3 7. Bxc3 e6 8.
Nf3 b6 9. Bc4 Bb7 10. O-O Na6 11. Rb1 Nc7 12. a4 Be7 13. d4 Nd5 14. Bd2 Rc8 15.
Qe2 O-O 16. Rb3 f5 17. exf6 Bxf6 18. Ne5 Bxe5 19. dxe5 Nf4 20. Bxf4 Rxf4 21.
Bb5 Rc5 22. Qd2 Rf7 23. f4 Qc7 24. Rd3 Rc2 25. Rd1 Rxd2 26. R3xd2 Rxf4 27. Bxd7
Qc5+ 28. Kh1 Bd5 29. Bb5 Rf2 0-1

[Event "13sen.WMH 2003 Senioren"]
[Site "Bad Zwischenahn(17.11.-29.11.2003)"]
[Date "2003.11.29"]
[Round "3"]
[White "Tchetchelnitski, Boris"]
[Black "Schober, Manfred"]
[Result "1-0"]
[WhiteElo "2139"]
[BlackElo "1837"]
[PlyCount "84"]


1. Nf3 Nf6 2. d4 d5 3. Bg5 Ne4 4. Bf4 c5 5. e3 Nc6 6. c3 Qb6 7. Qc1 Bf5 8. Nbd2
e6 9. Nh4 Be7 10. Nxf5 exf5 11. Be2 g5 12. dxc5 Nxc5 13. Bg3 Ne6 14. Nf3 d4 15.
cxd4 f4 16. exf4 gxf4 17. Bxf4 Ncxd4 18. Nxd4 Nxd4 19. Be3 Bb4+ 20. Kf1 Nxe2
21. Qc4 Qd6 22. Qxe2 O-O 23. Rd1 Qe6 24. Rd4 Be7 25. Qg4+ Kh8 26. Qxe6 fxe6 27.
Ke2 Rac8 28. Rhd1 Bf6 29. Rd7 Rc2+ 30. R1d2 Rxd2+ 31. Kxd2 Bxb2 32. Rxb7 Be5
33. Rxa7 Rb8 34. Kd3 Kg8 35. h4 Bf6 36. h5 Rb5 37. g4 Rd5+ 38. Ke2 Rb5 39. a4
Rb2+ 40. Kf3 Rb4 41. g5 Be5 42. a5 Bd4 1-0

[Event "13sen.WMH 2003 Senioren"]
[Site "Bad Zwischenahn(17.11.-29.11.2003)"]
[Date "2003.11.29"]
[Round "3"]
[White "Thielemann, Joachim"]
[Black "Jessen, Ernst"]
[Result "1-0"]
[WhiteElo "1838"]
[BlackElo "1570"]
[PlyCount "115"]


1. e4 e6 2. Nc3 d5 3. d4 Bb4 4. Bd3 c5 5. Be3 c4 6. Be2 Nf6 7. f3 dxe4 8. a3
Bxc3+ 9. bxc3 Nd5 10. Qd2 exf3 11. Nxf3 Nxe3 12. Qxe3 O-O 13. O-O Qc7 14. Ne5
Nd7 15. Nxc4 b6 16. Nd2 Bb7 17. Bd3 Nf6 18. Qh3 g6 19. c4 Ne8 20. Rae1 Qd6 21.
c3 Ng7 22. Be4 Qc7 23. Bxb7 Qxb7 24. Ne4 f5 25. Ng5 h5 26. Nxe6 Rfe8 27. Nxg7
Kxg7 28. Qg3 Qc6 29. Rxe8 Rxe8 30. Rxf5 Qe4 31. Rf1 Re7 32. Qf2 Kh7 33. h3 Qd3
34. Re1 Rg7 35. Re3 Qxc4 36. Qe2 Qb3 37. c4 Qb1+ 38. Kh2 Qf5 39. Rf3 Qd7 40.
Qe5 Re7 41. Qf4 Rg7 42. d5 b5 43. Rg3 bxc4 44. Qxc4 Qd6 45. Qc6 Rd7 46. Qxd6
Rxd6 47. Rd3 Kg7 48. Kg3 g5 49. Kf3 Kf6 50. Ke4 Ra6 51. Rf3+ Ke7 52. Ke5 Ra5
53. Rg3 g4 54. hxg4 hxg4 55. Rxg4 Rxa3 56. Rg7+ Kf8 57. Rc7 Re3+ 58. Kf6 1-0